000 00495nam a22001937a 4500
003 MPLRDC
005 20220104125636.0
008 210129b ||||| |||| 00| 0 eng d
020 _a978-986-82612-6-6
082 _a225.7 DBSF
100 _a德宝法师
245 _a快乐来自八正道
_c赖隆彦 译
250 _a初版一刷
260 _a台湾
_b橡实文化
_c2007
300 _b311
490 _a观自在系列: BA1002
650 _a佛教: 修持
942 _cBK
_o225.7 DBSF
999 _c28989
_d28979